000 00460nam a2200097Ia 4500
008 180130s9999 xx 000 0 und d
245 _cSpaargaren, Gert
_aThe cultural dimension of sustainable consumption practices: an exploration in theory and policy
260 _c2013
300 _aBook title: Innovations in sustainable consumption : new economics, socio-technical transitions and social practices--Acession number C17507; pages 229-251
650 _aECONOMICS
999 _c354482
_d354482